| 000 | 02167nam a22002537a 4500 | ||
|---|---|---|---|
| 999 |
_c58716 _d58716 |
||
| 003 | Ge_BSU | ||
| 005 | 20220705134355.0 | ||
| 008 | 220705s2009ge xxu||||| |||| 00| 0 geo d | ||
| 020 | _a9789941409462 | ||
| 041 | _ageo | ||
| 080 | _a316.42(479.223)+338 გ-21 | ||
| 245 |
_aგარდამავალი პერიოდის სოციალურ-ეკონომიკური პრობლემები და გადაწყვეტის გზები : _b(ეკონომიკა, სოციოლოგია, ფსიქოლოგია) 2009 წლის მაისი მასალები : რესპ. სამეცნ. კონფერენცია / _c[რედ: ჟანი მიქაშავიძე, გურამ ჩაგანავა] |
||
| 264 |
_aბათუმი : _bშოთა რუსთაველის სახელმწ. უნ-ტის გამ-ბა და სტ, _c2009. |
||
| 300 |
_a166 გვ.: _c20 სმ. |
||
| 501 | _aზესათ.: საქ. განათლ. და მეცნ. სამინ., ნიკო ბერძენიშვილის ინ-ტი | ||
| 504 | _aბიბლოიგრ. მასალების ბოლოს | ||
| 546 | _aრეზ. ინგლ., რუს. | ||
| 653 | _a"გარდამავალი პერიოდის სოციალურ-ეკონომიკური პრობლემები და გადაწყვეტის გზები", საქართველოს რესპ. სამეცნ. კონფერენცია (2009 : ბათუმი) | ||
| 653 | _a(ეკონომიკა, სოციოლოგია, ფსიქოლოგია) | ||
| 653 | _aაჭარის ეკონომიკა. აჭარის სოციალ-ეკონომიკური განვითარება. | ||
| 700 |
_aმიქაშავიძე, ჟანი _eრედაქტორი _92700 |
||
| 700 |
_aჩაგანავა, გურამ _eრედაქტორი _914294 |
||
| 942 |
_2udc _cBK |
||